Crimes of war : (Record no. 187171)

000 -LEADER
fixed length control field 02119 a2200289 4500
003 - CONTROL NUMBER IDENTIFIER
control field Nust
005 - DATE AND TIME OF LATEST TRANSACTION
control field 20230201132044.0
010 ## - LIBRARY OF CONGRESS CONTROL NUMBER
LC control number 2001044112
020 ## - INTERNATIONAL STANDARD BOOK NUMBER
International Standard Book Number 1565846540
040 ## - CATALOGING SOURCE
Transcribing agency Nust
082 00 - DEWEY DECIMAL CLASSIFICATION NUMBER
Classification number 940.5405,BAR
245 00 - TITLE STATEMENT
Title Crimes of war :
Remainder of title guilt and denial in the twentieth century /
Statement of responsibility, etc. [edited by] Omer Bartov, Atina Grossman, Mary Nolan.
260 ## - PUBLICATION, DISTRIBUTION, ETC.
Place of publication, distribution, etc. New York :
Name of publisher, distributor, etc. New Press :
-- Distributed by W.W. Norton & Co.,
Date of publication, distribution, etc. 2002.
300 ## - PHYSICAL DESCRIPTION
Extent xxxiv, 344 p. :
Other physical details ill. ;
Dimensions 22 cm.
505 ## - FORMATTED CONTENTS NOTE
Formatted contents note War and War Crimes: A Brief History (Page-1), On War Crimes (Page-8), The Wehrmacht, German Society, and the Knowledge of the Mass Extermination of the Jews (Page-17), The Wehrmacht in Serbia Revisited(Page-31), The Wehrmacht Exhibition Controversy: The Politics of Evidence (Page-41), Zloczow, July 1941: The Wehrmacht and the Beginning of the Holocaust in Galicia: From a Criticism of Photographs to a Revision of the Past (Page-61), Nazi Photographs in Post-Holocaust Art: Gender as an Idiom of Memorialization (Page-100), "During Total War, We Girls Want to Be Where We Can Really Accomplish Something": What Women Do in Wartime (Page-121), Between Amnesty and Anti-Communism: The West German Kameradenschinder Trials, 1948-1960 (Page-138), "In a Thousand Years, Every German Will Speak of This Battle": Celluloid Memories of Stalingrad (Page-161), When Memory Counts: War, Genocide, and Postwar Soviet Jewry (Page-191), "An Aptitude for Being Unloved": War and Memory in Japan (Page-217), An Incident at No Gun Ri (Page-242).
650 #0 - SUBJECT ADDED ENTRY--TOPICAL TERM
Topical term or geographic name entry element Atrocities
Geographic subdivision Europe
General subdivision History
Chronological subdivision 20th century.
9 (RLIN) 108384
650 #0 - SUBJECT ADDED ENTRY--TOPICAL TERM
Topical term or geographic name entry element Atrocities
Geographic subdivision Japan
General subdivision History
Chronological subdivision 20th century.
9 (RLIN) 108385
650 #0 - SUBJECT ADDED ENTRY--TOPICAL TERM
Topical term or geographic name entry element Holocaust, Jewish (1939-1945)
9 (RLIN) 108387
650 #0 - SUBJECT ADDED ENTRY--TOPICAL TERM
Topical term or geographic name entry element Prisoners of war
General subdivision History
Chronological subdivision 20th century.
9 (RLIN) 108388
650 #0 - SUBJECT ADDED ENTRY--TOPICAL TERM
Topical term or geographic name entry element War crimes
General subdivision History
Chronological subdivision 20th century.
9 (RLIN) 108389
650 #0 - SUBJECT ADDED ENTRY--TOPICAL TERM
Topical term or geographic name entry element War
General subdivision Moral and ethical aspects.
9 (RLIN) 37138
700 1# - ADDED ENTRY--PERSONAL NAME
Personal name Bartov, Omer.
9 (RLIN) 108390
700 1# - ADDED ENTRY--PERSONAL NAME
Personal name Grossmann, Atina.
9 (RLIN) 108391
700 1# - ADDED ENTRY--PERSONAL NAME
Personal name Nolan, Mary,
Dates associated with a name 1944-
9 (RLIN) 108392
856 41 - ELECTRONIC LOCATION AND ACCESS
Materials specified Table of contents
Uniform Resource Identifier <a href="http://www.loc.gov/catdir/toc/fy035/2001044112.html">http://www.loc.gov/catdir/toc/fy035/2001044112.html</a>
942 ## - ADDED ENTRY ELEMENTS (KOHA)
Source of classification or shelving scheme
Koha item type Book
Holdings
Withdrawn status Lost status Source of classification or shelving scheme Damaged status Not for loan Permanent Location Current Location Shelving location Date acquired Shelving control number Full call number Barcode Date last seen Price effective from Koha item type Public note
          Military College of Signals (MCS) Military College of Signals (MCS) General Stacks 12/12/2016 History 940.5405,BAR MCS30641 12/08/2016 12/12/2016 Book Almirah No.60, Shelf No.3
© 2023 Central Library, National University of Sciences and Technology. All Rights Reserved.